| 000 | 01298nam a22002417a 4500 | ||
|---|---|---|---|
| 005 | 20110711140235.0 | ||
| 008 | 110711t xxu||||| |||| 00| 0 mar d | ||
| 010 | _aMAR-21472 | ||
| 020 |
_c295.00 _a9788190729444 |
||
| 035 | _aMR-14130 | ||
| 037 | _bDBAD/PUB | ||
| 040 |
_aDPL _bMR |
||
| 082 | _a361.7 | ||
| 100 |
_929424 _aक्लिंटन,बिल |
||
| 245 |
_aगिव्हिंग : _cबिल क्लिंटन ; अभिजत थिटे द्वारा अनुवादित _bआपल्या प्रत्येकात जगाला बदलण्याचं सामर्थ्य / |
||
| 246 |
_aGiving : Aplaya Prateyakat Jagala Badalanaychya Samarthya _bby Bill Clinton |
||
| 260 |
_aपुणे _bअमेय प्रकाशन _c2009 |
||
| 270 |
_a207 बिझनेस गिल्ड,लॉ कॉलेज रोड, _bपुणे _e411004 |
||
| 300 |
_a255पृ. _c22सेमी(सजिल्द) _bसचित्र |
||
| 700 |
_aथिटे,अभिजित _935581 |
||
| 942 |
_2ddc _cMR _mक्लिंटन _h361.7 |
||
| 999 |
_c57833 _d57833 |
||